[Event "RA-2017-0-00522"]
[Site "LSS email"]
[Date "2017.06.13"]
[Round "?"]
[White "Lobanov, Alexander"]
[Black "Jarabinsky, Martin"]
[Result "1/2-1/2"]
[WhiteElo "2273"]
[BlackElo "2264"]
[PlyCount "40"]
[EventDate "2017.05.18"]
[EventType "tourn (corr)"]
[EventRounds "6"]
[EventCountry "GER"]
[SourceTitle "Corr 2022"]
[Source "ChessBase"]
[SourceDate "2021.10.24"]
[SourceVersion "1"]
[SourceVersionDate "2021.10.24"]
[SourceQuality "1"]

1. d4 d5 2. Nf3 Nf6 3. c4 e6 4. e3 b6 5. b3 Bb7 6. Bb2 Bd6 7. Bd3 Nbd7 8. 0-0 0-0 9. Nbd2 c5 10. Qe2 cxd4 11. exd4 Qe7 12. Ne5 Ba3 13. Bxa3 Qxa3 14. Qe3 Rad8 15. Ndf3 dxc4 16. bxc4 g6 17. Rfd1 Nxe5 18. Nxe5 Nd7 19. h4 Nxe5 20. Qxe5 Qe7 1/2-1/2

[Event "RA-2015-0-00401"]
[Site "LSS email"]
[Date "2015.07.17"]
[Round "?"]
[White "Lobanov, Alexander"]
[Black "Almeida, Ramiro"]
[Result "1/2-1/2"]
[WhiteElo "2280"]
[BlackElo "2290"]
[PlyCount "45"]
[EventDate "2015.07.06"]
[EventType "tourn (corr)"]
[EventRounds "6"]
[EventCountry "GER"]
[SourceTitle "Corr 2022"]
[Source "ChessBase"]
[SourceDate "2021.10.24"]
[SourceVersion "1"]
[SourceVersionDate "2021.10.24"]
[SourceQuality "1"]

1. c4 e5 2. Nc3 Nf6 3. Nf3 Nc6 4. g3 Bb4 5. Bg2 0-0 6. 0-0 d6 7. d3 h6 8. Na4 a5 9. Be3 d5 10. a3 Bd6 11. d4 dxc4 12. Nxe5 Nxe5 13. dxe5 Bxe5 14. Qc2 Qd7 15. Qxc4 Qf5 16. f4 Bd6 17. Nc3 Be6 18. Qb5 c6 19. Qxf5 Bxf5 20. Bd4 Bc7 21. b4 Rfd8 22. Bc5 Bd6 23. e4 1/2-1/2

[Event "SM-2012-0-00212"]
[Site "LSS email"]
[Date "2012.08.18"]
[Round "?"]
[White "Lobanov, Alexander"]
[Black "Zakharov, Oleg Yu"]
[Result "1/2-1/2"]
[WhiteElo "2278"]
[BlackElo "2274"]
[PlyCount "37"]
[EventDate "2012.07.29"]
[EventType "tourn (corr)"]
[EventRounds "6"]
[EventCountry "GER"]
[SourceTitle "Corr 2022"]
[Source "ChessBase"]
[SourceDate "2021.10.24"]
[SourceVersion "1"]
[SourceVersionDate "2021.10.24"]
[SourceQuality "1"]

1. d4 Nf6 2. c4 e6 3. Nc3 Bb4 4. Qc2 0-0 5. a3 Bxc3+ 6. Qxc3 b6 7. Bg5 Bb7 8. f3 h6 9. Bh4 d5 10. e3 Nbd7 11. cxd5 Nxd5 12. Bxd8 Nxc3 13. Bh4 Nd5 14. Kd2 c5 15. Ne2 g5 16. Bg3 f5 17. Re1 Rac8 18. Nc3 cxd4 19. Nxd5 1/2-1/2